<?xml version="1.0" encoding="UTF-8"?>
<record
    xmlns:xsi="http://www.w3.org/2001/XMLSchema-instance"
    xsi:schemaLocation="http://www.loc.gov/MARC21/slim http://www.loc.gov/standards/marcxml/schema/MARC21slim.xsd"
    xmlns="http://www.loc.gov/MARC21/slim">

  <leader>02585nam a2200313 a 4500</leader>
  <controlfield tag="003">CHAP</controlfield>
  <controlfield tag="005">20250128184438.0</controlfield>
  <controlfield tag="007">ta</controlfield>
  <controlfield tag="008">221130s2007    sp ad||f |||| 001 0 spa d</controlfield>
  <datafield tag="020" ind1=" " ind2=" ">
    <subfield code="a">978-84-200-1059-5</subfield>
  </datafield>
  <datafield tag="040" ind1=" " ind2=" ">
    <subfield code="a">mxchpua</subfield>
    <subfield code="c">CHAP</subfield>
    <subfield code="e">rda</subfield>
  </datafield>
  <datafield tag="050" ind1="1" ind2="0">
    <subfield code="a">TX545</subfield>
    <subfield code="b">.A53 2007</subfield>
  </datafield>
  <datafield tag="082" ind1="0" ind2="0">
    <subfield code="a">664.07</subfield>
    <subfield code="b">A53 2007</subfield>
    <subfield code="2">20</subfield>
  </datafield>
  <datafield tag="240" ind1="1" ind2="0">
    <subfield code="a">Food analysis laboratory manual.</subfield>
    <subfield code="l">Espa&#xF1;ol</subfield>
  </datafield>
  <datafield tag="245" ind1="1" ind2="0">
    <subfield code="a">An&#xE1;lisis de los alimentos :</subfield>
    <subfield code="b">manual de laboratorio /</subfield>
    <subfield code="c">editora S. Suzanne Nielsen ; traductora Ana Cristina Ferrando Navarro</subfield>
  </datafield>
  <datafield tag="250" ind1=" " ind2=" ">
    <subfield code="a">1a edici&#xF3;n</subfield>
  </datafield>
  <datafield tag="264" ind1=" " ind2=" ">
    <subfield code="a">Espa&#xF1;a :</subfield>
    <subfield code="b">Acribia,</subfield>
    <subfield code="c">2007</subfield>
  </datafield>
  <datafield tag="300" ind1=" " ind2=" ">
    <subfield code="a">ix, 160 p&#xE1;ginas :</subfield>
    <subfield code="b">ilustraciones, gr&#xE1;ficas, tablas</subfield>
  </datafield>
  <datafield tag="336" ind1=" " ind2=" ">
    <subfield code="2">rdacontent</subfield>
    <subfield code="a">texto</subfield>
    <subfield code="b">txt</subfield>
  </datafield>
  <datafield tag="337" ind1=" " ind2=" ">
    <subfield code="2">rdamedia</subfield>
    <subfield code="a">sin medio</subfield>
    <subfield code="b">n</subfield>
  </datafield>
  <datafield tag="338" ind1=" " ind2=" ">
    <subfield code="2">rdacarrier</subfield>
    <subfield code="a">volumen</subfield>
    <subfield code="b">nc</subfield>
  </datafield>
  <datafield tag="504" ind1=" " ind2=" ">
    <subfield code="a">Incluye bibliograf&#xED;as.</subfield>
  </datafield>
  <datafield tag="505" ind1=" " ind2=" ">
    <subfield code="a">Contenido: Prefacio y agradecimientos -- Observaciones sobre los c&#xE1;lculos de las concentraciones --  1. El etiquetado nutricional utilizando un programa de ordenador -- 2. La evaluaci&#xF3;n de la exactitud y la precisi&#xF3;n -- 3. La determinaci&#xF3;n del contenido de humedad -- 4. La determinaci&#xF3;n del contenido en grasas -- 5. La determinaci&#xF3;n del nitr&#xF3;geno prote&#xED;nico -- 6. El m&#xE9;todo del fenol-&#xE1;cido sulf&#xFA;rico para los hidratos de carbono totales -- 7. La determinaci&#xF3;n de la vitamina C mediante el m&#xE9;todo del indofenol -- 8. La determinaci&#xF3;n complexom&#xE9;trica del calcio -- 9. La determinaci&#xF3;n del sodio utilizando los electrodos selectivos de iones, la volumetr&#xED;a de Mohr y las varillas indicadoras -- 10. Las determinaciones del sodio y el potasio mediante la espectroscop&#xED;a de absorci&#xF3;n at&#xF3;mica y la espectroscop&#xED;a de plasma de acoplamiento inductivo-emisi&#xF3;n at&#xF3;mica -- 11. Las disoluciones patrones y la acidez valorable -- 12. La caracterizaci&#xF3;n de las grasas -- 13. Las prote&#xED;nas del m&#xFA;sculo de los pescados: la extracci&#xF3;n, cuantificaci&#xF3;n y la electroforesis -- 14. El an&#xE1;lisis enzim&#xE1;tico para determinar el contenido de glucosa -- 15. La detecci&#xF3;n de la gliadina en los alimentos por medio del inmunoensayo -- 16. La inspecci&#xF3;n de los alimentos en busca de materias extra&#xF1;as -- 17. La cromatograf&#xED;a l&#xED;quida de alta resoluci&#xF3;n -- 18. La cromatograf&#xED;a de gases -- 19. La medida de la viscosidad utilizando un viscos&#xED;metro Brookfield -- &#xCD;ndice alfab&#xE9;tico.</subfield>
  </datafield>
  <datafield tag="650" ind1="1" ind2="0">
    <subfield code="9">156172</subfield>
    <subfield code="a">Foods  </subfield>
    <subfield code="x">Analysis</subfield>
    <subfield code="v">Handbooks, manuals, etc.</subfield>
  </datafield>
  <datafield tag="650" ind1="1" ind2="0">
    <subfield code="a">Alimentos </subfield>
    <subfield code="x">An&#xE1;lisis</subfield>
    <subfield code="v">Manuales</subfield>
    <subfield code="9">139421</subfield>
  </datafield>
  <datafield tag="700" ind1="1" ind2=" ">
    <subfield code="9">159914</subfield>
    <subfield code="a">Nielsen, S. Suzanne</subfield>
    <subfield code="e">editora</subfield>
  </datafield>
  <datafield tag="700" ind1="1" ind2=" ">
    <subfield code="9">159913</subfield>
    <subfield code="a">Ferrando Navarro, Ana Cristina</subfield>
    <subfield code="e">traductora</subfield>
  </datafield>
  <datafield tag="942" ind1=" " ind2=" ">
    <subfield code="2">ddc</subfield>
    <subfield code="c">Libro</subfield>
  </datafield>
  <datafield tag="999" ind1=" " ind2=" ">
    <subfield code="c">217904</subfield>
    <subfield code="d">217904</subfield>
  </datafield>
  <datafield tag="952" ind1=" " ind2=" ">
    <subfield code="0">0</subfield>
    <subfield code="1">0</subfield>
    <subfield code="2">ddc</subfield>
    <subfield code="4">0</subfield>
    <subfield code="5">1</subfield>
    <subfield code="7">0</subfield>
    <subfield code="8">GRAL</subfield>
    <subfield code="a">IA_</subfield>
    <subfield code="b">IA_</subfield>
    <subfield code="d">2022-11-09</subfield>
    <subfield code="e">Compra Carvann Books F. C 66</subfield>
    <subfield code="i">Consumo</subfield>
    <subfield code="l">0</subfield>
    <subfield code="o">664.07 A53 2007</subfield>
    <subfield code="p">1102014387</subfield>
    <subfield code="r">2022-11-30 00:00:00</subfield>
    <subfield code="t">Ej. 1</subfield>
    <subfield code="w">2022-11-09</subfield>
    <subfield code="y">LIBRO</subfield>
  </datafield>
</record>
